000 01290nam0a2200349 4500
001 RU\NLR\bibl\1847216
005 20260406022246.0
010 _a978-5-904061-14-2
_91000
021 _aRU
_b2011-93001
_96663
035 _a(nilc)RSL-KNO-005104496
035 _a(NLR Aleph) 001837640
090 _a2227738
_c2227738
100 _a20111201d2011 |||y0rusy50 ca
101 0 _arus
102 _aRU
105 _aa |||||||||
200 1 _aЖивотворящий ручей
_e[стихотворения]
_fЛора
210 _aБарнаул
_cСпектр
_d2011
215 _a319 с.
_cил.
_d20
300 _aНа 4-й с. обл. авт.: Лора Насибова - Проводник
327 1 _aСодерж.: Циклы: Духовное; Жизненное; Любовное; Басни, сказки; Песни, частушки; Частушки; Пословицы и поговорки
686 _aШ5(2=Р)75-65я44
_2rubbk
686 _aШ6(2=Р)8-5
700 0 _4070
_8rus
_7ca
_aЛора
_cпсевдоним
_f1960-
_3RU\NLR\AUTH\77123815
_9106740
801 0 _aRU
_bRuMoRKP
_c20111201
_grcr
801 1 _aRU
_bРГБ
_c20111201
801 2 _aRU
_bNLR
_c20111213
_grcr
942 _cBOOK
980 _aNB
980 _aNBR